Země zajímavých příležitostí Irsko

Stručná historicko-ekonomická charakteristika Írska. Írsky hospodársky rozmach. Charakteristické rysy írskeho trhu. Zahraničný kapitál a využitie jeho prínosu.

Uložené v:
Podrobná bibliografia
Hlavný autor: Kopecký, Zdeněk
Médium: Kapitola
Jazyk:Czech
Predmet:
Tagy: Pridať tag
Žiadne tagy, Buďte prvý, kto otaguje tento záznam!

MARC

LEADER 00000naa a2200000 4500
001 r034758
005 20230920095712.1
041 0 |a cze 
044 |a CZ 
245 1 0 |a Země zajímavých příležitostí  |b Irsko  |c Zdeněk Kopecký 
520 |a Stručná historicko-ekonomická charakteristika Írska. Írsky hospodársky rozmach. Charakteristické rysy írskeho trhu. Zahraničný kapitál a využitie jeho prínosu. 
610 2 0 |a vývoj hospodársky 
610 2 0 |a Írsko 
610 2 0 |a kapitál zahraničný 
610 2 0 |a rozmach 
610 2 0 |a priemysel 
610 2 0 |a obchod zahraničný 
100 1 |a Kopecký, Zdeněk